| 000 | 00429nam a2200145Ia 4500 | ||
|---|---|---|---|
| 008 | 230917s9999||||xx |||||||||||||| ||und|| | ||
| 040 |
_e159458 _aMAIN |
||
| 041 | _aEnglish | ||
| 082 | _a891.437731 SM23A | ||
| 100 | _aशर्मा, मालीराम | ||
| 245 | 0 | _aआमने-सामने | |
| 260 |
_aदिल्ली _bराजपाल प्रकाशन _c1975 |
||
| 300 | _a128 पृ. p. | ||
| 942 | _cHN | ||
| 999 |
_c145678 _d145678 |
||